书目信息 |
| 题名: |
有待破译的典藏
|
|
| 作者: | 高文翔 著 | |
| 分册: | ||
| 出版信息: | 北京 现代出版社 2015 |
|
| 页数: | 185页 | |
| 开本: | 22cm | |
| 丛书名: | ||
| 单 册: | ||
| 中图分类: | I227.1 | |
| 科图分类: | ||
| 主题词: | 新诗--Xin Shi--诗集--中国--当代 | |
| 电子资源: | ||
| ISBN: | 978-7-5143-4275-8 | |
| 000 | 00613nam0 22002171 450 | |
| 001 | 349875 | |
| 005 | 20161010103149.71 | |
| 010 | @a978-7-5143-4275-8@dCNY32.00 | |
| 100 | @a20160122d2015 em y0chiy50 ea | |
| 101 | 0 | @achi |
| 102 | @aCN@b110000 | |
| 105 | @aa z 000gy | |
| 106 | @ar | |
| 200 | 1 | @a有待破译的典藏@AYou Dai Po Yi De Dian Cang@f高文翔著 |
| 210 | @a北京@c现代出版社@d2015 | |
| 215 | @a185页@c照片@d22cm | |
| 606 | 0 | @a新诗@AXin Shi@x诗集@y中国@z当代 |
| 690 | @aI227.1@v5 | |
| 701 | 0 | @a高文翔@AGao Wen Xiang@f(1960~)@4著 |
| 801 | 0 | @aCN@bTANGWEI@20160802 |
| 905 | @b0887200-4@dI227.1@e370@f5 | |
| 有待破译的典藏/高文翔著.-北京:现代出版社,2015 |
| 185页:照片;22cm |
| ISBN 978-7-5143-4275-8:CNY32.00 |
| ● |
| 相关链接 |
|
|
|
|
正题名:有待破译的典藏
索取号:I227.1/370
 
预约/预借
| 序号 | 登录号 | 条形码 | 馆藏地/架位号 | 状态 | 备注 |
| 1 | 0887200 | 208872004 | 第一样本阅览室/ [索取号:I227.1/370] | 在馆 | |
| 2 | 0887201 | 208872013 | 第二借阅区/ [索取号:I227.1/370] | 在馆 | |
| 3 | 0887202 | 208872022 | 第二借阅区/ [索取号:I227.1/370] | 在馆 | |
| 4 | 0887203 | 208872031 | 教育系资料室/ [索取号:I227.1/370] | 在馆 | |
| 5 | 0887204 | 208872040 | 教育系资料室/ [索取号:I227.1/370] | 在馆 |